000 01558cam a22004454i 4500
003 PE-LiUPU
005 20250731173326.0
008 150625s2002 ne r 000 0 eng d
020 _a9058540170
035 _a(Sirsi) i9789058540171
040 _aPE-LiUPU
_bspa
_cPE-LiUPU
_erda
049 _aPRUA
082 0 4 _a223.2
_bF72
_221
100 1 _aFokkelman, J. P.,
_eautor.
245 1 4 _aThe psalms in form :
_bthe Hebrew psalter in its poetic shape /
_cJ. P. Fokkelman.
264 1 _aLeiden, The Netherlands :
_bDeo,
_c2002.
300 _a172 páginas ;
_c30 centímetros
336 _atext
_2rdacontent
337 _aunmediated
_2rdamedia
338 _avolume
_2rdacarrier
505 0 _aThe Hebrew Psalater in its poetic shape -- Annotations and remarks.
526 _aSEG42
526 _aSEG41
526 _aSEG40
526 _aSEG39
526 _aP94
526 _aP87
526 _aP86
526 _aP85
526 _aP77
526 _aP76
526 _aP35
541 _g103-8190058-5681041;
650 0 4 _aSalterios
_vTextos.
942 _2ddc
_cBOOK
949 _a223.2 F72
_wDEWEY
_c1
_i58666
_d2016-11-2
_e2016-10-31
_lCCODEBUL1
_mBUL
_n10
_p36.00
_r0
_sY
_tBOOK
_u2015-6-25
_xTEOLOGIA
_zUNKNOWN
_0COMPRA
_o.STAFF. Colección General
994 _aC0
_bPEPRU
596 _a1
999 _a223.2 F72
_wDEWEY
_c47547
_i58666
_d47547
_e2016-10-31
_f2021-11-9
_g5
_lCCODEBUL1
_mBUL
_n10
_p36.00
_q2
_r0
_sY
_tBOOK
_u2015-6-25
_xTEOLOGIA
_PP35
_0COMPRA
_o.STAFF. Colección Teología
980 _81
_gALBERTO SANCHEZ Responsable de Automatización